Geriatría

Wedi'i Gadw mewn:
Manylion Llyfryddiaeth
Prif Awduron: D'Hyver, Carlos (Awdur), Gutiérrez Robledo, Luis Miguel (Awdur)
Fformat: Llyfr
Iaith:Sbaeneg
Cyhoeddwyd: Ciudad de México Manual Moderno 2014
Rhifyn:3a. ed
Pynciau:
Tagiau: Ychwanegu Tag
Dim Tagiau, Byddwch y cyntaf i dagio'r cofnod hwn!

MARC

LEADER 00000cam a2200000 a 4500
001 UCD6690
003 CL-VaPUC
008 170108e20140000mx |||||||||||||||||spa|d
020 |a 9786074484038 
082 0 4 |a 618.97  |b DHY  |2 21 
100 0 |a D'Hyver, Carlos  |e author  |9 590499 
700 |a Gutiérrez Robledo, Luis Miguel  |e author  |9 590506 
245 1 0 |a Geriatría 
250 |a 3a. ed 
300 |a 944 p 
942 |c BK 
945 |d 20170108 00:10:00  |a arojas 
260 |a Ciudad de México  |b Manual Moderno  |c 2014 
650 0 |a Geriatría   |9 309798 
650 7 |a GERONTOLOGIA  |2 CL-VaPUC  |9 309824 
583 |a last modification  |c 20170108 00:10:00  |k Rodrigo Vera 
999 |c 366897  |d 366895 
952 |0 0  |1 0  |3 erd  |4 0  |6 618_970000000000000_DHY_2014  |7 0  |8 A  |9 481533  |a BIBCUR  |b BIBCUR  |i 5359112  |o 618.97 DHY 2014  |p 5359112  |r 2025-04-22  |w 2019-11-24  |y BK  |z Catalogado en:20170108  |k KIN